000 00492nam a22001697a 4500
003 OSt
008 250916b |||||||| |||| 00| 0 eng d
020 _a9 789364 447768
041 _aeng
082 _a371.264
_bSHA/CO
100 _aSharma, Arun
_95454
245 _aCourseware on Quantitative Aptitude for CAT:
_bCommon Admission Test& Other Management Examination
250 _a1st Reprint.
260 _aChennai:
_bMcGraw Hill Education Pvt Ltd,
_c2025.
300 _a858p.
942 _cBK
999 _c19519
_d19519